The forgotten worker: neglected aspects of public service in an information age (Record no. 1498)

000 -LEADER
fixed length control field 01238pab a2200181 454500
008 - FIXED-LENGTH DATA ELEMENTS--GENERAL INFORMATION
fixed length control field 180718b xxu||||| |||| 00| 0 eng d
100 ## - MAIN ENTRY--PERSONAL NAME
Personal name Hays, Steven W.
245 ## - TITLE STATEMENT
Title The forgotten worker: neglected aspects of public service in an information age
520 ## - SUMMARY, ETC.
Summary, etc. One of the most consistent themes among contemporary administrative theorists is that the work place of the future will be a more hospitable environment for public workers than is currently the case. Decentralization, participation management, and intrinsically satisfying work are commonly forecast using survey data from state employees, this study identifies a large class of civil servants that has not yet, and probably will not, enjoy the enrich jobs that are so often predicated. The discussion identifies a number of factors in the work environment of these workers that are likely to frustrate attempts to make their jobs more meaningful and pleasant. Having acknowledged their existence and assessed their
650 ## - SUBJECT ADDED ENTRY--TOPICAL TERM
Topical term or geographic name entry element Working Condition
650 ## - SUBJECT ADDED ENTRY--TOPICAL TERM
Topical term or geographic name entry element U.S.A.
650 ## - SUBJECT ADDED ENTRY--TOPICAL TERM
Topical term or geographic name entry element Civil Service
650 ## - SUBJECT ADDED ENTRY--TOPICAL TERM
Topical term or geographic name entry element Civil Service - U.S.A.
700 ## - ADDED ENTRY--PERSONAL NAME
Personal name Philip H., Jos
700 ## - ADDED ENTRY--PERSONAL NAME
Personal name Mark, E Tompkins
773 ## - HOST ITEM ENTRY
Main entry heading International Journal of Public Administration
909 ## -
-- 1498
Holdings
Withdrawn status Lost status Damaged status Not for loan Permanent Location Current Location Date acquired Serial Enumeration / chronology Barcode Date last seen Price effective from Koha item type
        Indian Institute of Public Administration Indian Institute of Public Administration 2018-07-19 Issue no: 13(6), 90, p.799-825 AR1498 2018-07-19 2018-07-19 Articles

Powered by Koha